Geography Quiz

Random Geography or State Quiz

Brazil's Largest Beach/Ocean Cities Quiz Stats

 Plays Quiz not verified by Sporcle

Also try: Countries in Debt
Challenge
Share
Tweet
Embed
Score 0/20 Timer 04:00
0 Plays Today
State City % Correct
Rio de JaneiroRio de Janeiro
100%
BahiaSalvador
89.8%
CearaFortaleza
81.6%
PernambucoRecife
81.6%
Rio Grande do NorteNatal
81.6%
Sao PauloSantos
69.4%
Santa CatarinaFlorianopolis
67.3%
ParaibaJoao Pessoa
65.3%
MaranhaoSao Luis
61.2%
AlagoasMaceio
61.2%
State City % Correct
Espirito SantoVitoria
57.1%
SergipeAracaju
51%
Rio de JaneiroNiteroi
49%
Rio de JaneiroSao Goncalo
44.9%
Rio de JaneiroDuque de Caxias
42.9%
PernambucoOlinda
38.8%
Espirito SantoVila Velha
32.7%
Sao PauloSao Vicente
32.7%
Sao PauloGuaruja
30.6%
PernambucoJoboatao dos Guararapes
8.2%

You're not logged in!

Compare scores with friends on all Sporcle quizzes.
OR
Log In

You Might Also Like...

Show Comments

Extras

Top Quizzes Today


Score Distribution

Your Account Isn't Verified!

In order to create a playlist on Sporcle, you need to verify the email address you used during registration. Go to your Sporcle Settings to finish the process.

Report this User

Report this user for behavior that violates our Community Guidelines.

Details: